[Event "TIPC 2019 Groupe A"]
[Site ""]
[Date "2019.07.29"]
[Round "4.10"]
[White "Narmin, Soyunlu"]
[Black "Faybish, Nimrod"]
[Result "0-1"]
[WhiteElo "2099"]
[BlackElo "2220"]

1. d4 {[%clk 01:29:32]} {[%emt 00:01:28]} Nf6 {[%clk 01:30:55]} {[%emt
00:00:05]} 2. c4 {[%clk 01:29:57]} {[%emt 00:00:06]} Nc6 {[%emt 00:02:21]} 3.
d5 {[%clk 01:23:36]} {[%emt 00:04:35]} Ne5 {[%clk 01:31:09]} {[%emt 00:13:47]}
4. e3 {[%clk 01:19:16]} e6 {[%clk 01:25:52]} 5. a3 {[%clk 01:15:57]} {[%emt
00:01:21]} a5 {[%clk 01:25:55]} {[%emt 00:00:26]} 6. Nc3 {[%clk 01:15:30]}
{[%emt 00:00:58]} Bc5 {[%clk 01:23:36]} {[%emt 00:02:49]} 7. Be2 {[%clk
01:13:43]} {[%emt 00:02:16]} O-O {[%clk 01:23:22]} {[%emt 00:00:45]} 8. Nf3
{[%clk 01:11:38]} {[%emt 00:02:35]} Nxf3+ {[%clk 01:23:04]} {[%emt 00:00:47]} 9.
Bxf3 {[%clk 01:07:53]} {[%emt 00:04:15]} e5 {[%clk 01:22:50]} {[%emt 00:00:44]}
10. O-O {[%clk 01:07:42]} {[%emt 00:00:41]} d6 {[%clk 01:22:45]} {[%emt
00:00:36]} 11. Rb1 {[%clk 01:03:51]} {[%emt 00:04:20]} Ne8 {[%clk 01:19:29]}
{[%emt 00:03:46]} 12. b4 {[%clk 01:01:57]} {[%emt 00:02:24]} Ba7 {[%clk
01:17:33]} {[%emt 00:02:26]} 13. e4 {[%clk 00:52:01]} {[%emt 00:10:27]} g6
{[%clk 01:02:55]} {[%emt 00:15:07]} 14. Qe2 {[%clk 00:39:17]} {[%emt 00:13:13]}
f5 {[%clk 01:01:21]} {[%emt 00:02:05]} 15. exf5 {[%clk 00:26:25]} {[%emt
00:13:22]} gxf5 {[%clk 01:01:30]} {[%emt 00:00:20]} 16. Be3 {[%clk 00:25:29]}
{[%emt 00:01:28]} Nf6 {[%clk 00:55:44]} {[%emt 00:06:15]} 17. Bxa7 {[%clk
00:23:43]} {[%emt 00:02:16]} Rxa7 {[%clk 00:56:10]} {[%emt 00:00:04]} 18. Qd2
{[%clk 00:20:36]} {[%emt 00:03:37]} Kh8 {[%clk 00:49:10]} {[%emt 00:07:31]} 19.
c5 {[%clk 00:17:56]} {[%emt 00:03:10]} Rg8 {[%clk 00:33:59]} {[%emt 00:15:40]}
20. Kh1 {[%clk 00:16:49]} {[%emt 00:01:36]} f4 {[%clk 00:28:29]} {[%emt
00:06:01]} 21. Rbc1 {[%clk 00:14:24]} {[%emt 00:02:55]} axb4 {[%clk 00:17:00]}
{[%emt 00:11:59]} 22. axb4 {[%clk 00:14:37]} {[%emt 00:00:17]} Bd7 {[%clk
00:15:14]} {[%emt 00:02:15]} 23. Ra1 {[%clk 00:13:56]} {[%emt 00:01:11]} Rxa1
{[%clk 00:15:01]} {[%emt 00:00:44]} 24. Rxa1 {[%clk 00:14:24]} {[%emt
00:00:01]} Bf5 {[%clk 00:14:44]} {[%emt 00:00:47]} 25. Be2 {[%clk 00:09:28]}
{[%emt 00:05:25]} Qe7 {[%emt 00:04:18]} 26. Ra7 {[%clk 00:06:22]} dxc5 {[%clk
00:13:44]} {[%emt 00:01:19]} 27. b5 {[%clk 00:03:24]} {[%emt 00:03:28]} b6
{[%clk 00:10:56]} {[%emt 00:03:17]} 28. f3 {[%clk 00:02:39]} {[%emt 00:01:15]}
Qd6 {[%clk 00:07:28]} {[%emt 00:03:59]} 29. Ra4 {[%clk 00:01:57]} {[%emt
00:01:12]} Rd8 {[%clk 00:07:19]} {[%emt 00:00:38]} 30. Bc4 {[%clk 00:00:59]}
{[%emt 00:01:29]} Rg8 {[%clk 00:07:37]} {[%emt 00:00:11]} 31. Ra2 {[%clk
00:00:44]} {[%emt 00:00:45]} Nh5 {[%clk 00:04:37]} {[%emt 00:03:30]} 32. Qe1
{[%clk 00:00:47]} {[%emt 00:00:26]} Re8 {[%clk 00:03:21]} {[%emt 00:01:46]} 33.
Qh4 {[%clk 00:00:35]} {[%emt 00:00:43]} Nf6 {[%clk 00:03:38]} {[%emt 00:00:14]}
34. Qf2 {[%clk 00:00:35]} {[%emt 00:00:29]} e4 {[%clk 00:03:25]} {[%emt
00:00:44]} 35. fxe4 {[%clk 00:01:03]} {[%emt 00:00:02]} Nxe4 {[%clk 00:02:46]}
{[%emt 00:01:09]} 36. Nxe4 {[%clk 00:01:25]} {[%emt 00:00:08]} Rxe4 {[%clk
00:02:48]} {[%emt 00:00:27]} 37. Bd3 {[%clk 00:00:41]} {[%emt 00:01:14]} Rd4
{[%clk 00:02:51]} {[%emt 00:00:27]} 38. Be2 {[%clk 00:00:34]} {[%emt 00:00:37]}
Qxd5 {[%clk 00:02:30]} {[%emt 00:00:52]} 39. Bf3 {[%clk 00:00:45]} {[%emt
00:00:18]} Be4 {[%clk 00:02:19]} {[%emt 00:00:41]} 40. h3 {[%clk 00:00:36]}
{[%emt 00:00:39]} Bxf3 {[%clk 00:02:28]} {[%emt 00:00:21]} 41. gxf3 {[%clk
00:00:44]} {[%emt 00:00:22]} Rd1+ {[%clk 00:00:41]} {[%emt 00:02:17]} 42. Kh2
{[%clk 00:00:44]} {[%emt 00:00:30]} Rd3 {[%clk 00:23:01]} {[%emt 00:12:22]} 43.
Qg2 {[%clk 00:28:18]} {[%emt 00:00:07]} Qg8 {[%clk 00:18:01]} {[%emt 00:04:07]}
44. Qb2+ {[%clk 00:23:49]} {[%emt 00:04:59]} Rd4 {[%clk 00:18:03]} {[%emt
00:00:28]} 45. Qf2 {[%clk 00:22:51]} {[%emt 00:01:27]} Rb4 {[%clk 00:16:36]}
{[%emt 00:01:57]} 46. Rd2 {[%clk 00:20:44]} {[%emt 00:02:36]} Rxb5 {[%clk
00:12:32]} {[%emt 00:04:35]} 47. Qe1 {[%clk 00:15:36]} {[%emt 00:05:37]} Qg3+
{[%clk 00:12:41]} {[%emt 00:00:22]} 48. Qxg3 {[%clk 00:16:02]} {[%emt
00:00:04]} fxg3+ {[%clk 00:13:04]} {[%emt 00:00:07]} 49. Kxg3 {[%clk 00:16:30]}
{[%emt 00:00:02]} c4 {[%clk 00:10:04]} {[%emt 00:03:30]} 50. Rd8+ {[%clk
00:16:55]} {[%emt 00:00:05]} Kg7 {[%clk 00:10:30]} 51. Rd7+ {[%clk 00:17:12]}
{[%emt 00:00:17]} Kg6 {[%clk 00:10:56]} {[%emt 00:00:05]} 52. Rxc7 {[%clk
00:16:20]} {[%emt 00:01:21]} Rc5 {[%clk 00:09:33]} {[%emt 00:01:52]} 53. Rd7
{[%clk 00:16:32]} {[%emt 00:00:19]} c3 {[%clk 00:09:09]} {[%emt 00:00:54]} 54.
Rd1 {[%clk 00:15:35]} {[%emt 00:01:26]} b5 {[%clk 00:08:19]} {[%emt 00:01:19]}
55. Kf2 {[%clk 00:15:07]} {[%emt 00:00:59]} b4 {[%clk 00:05:04]} {[%emt
00:03:45]} 56. Rg1+ {[%clk 00:13:11]} {[%emt 00:02:26]} Kf6 {[%clk 00:05:07]}
{[%emt 00:00:25]} 57. Ke2 {[%clk 00:13:29]} {[%emt 00:00:13]} Rd5 {[%clk
00:03:57]} {[%emt 00:01:40]} 58. Rc1 {[%clk 00:13:22]} {[%emt 00:00:38]} Kf5
{[%clk 00:03:57]} {[%emt 00:00:29]} 59. Ke3 {[%clk 00:13:28]} {[%emt 00:00:25]}
h5 {[%clk 00:04:07]} {[%emt 00:00:20]} 60. Rc2 {[%clk 00:11:18]} {[%emt
00:02:39]} h4 {[%clk 00:04:20]} {[%emt 00:00:18]} 61. Rc1 {[%clk 00:11:06]}
{[%emt 00:00:42]} Rd2 {[%clk 00:04:08]} {[%emt 00:00:41]} 62. f4 {[%clk
00:09:56]} {[%emt 00:01:40]} Rb2 {[%clk 00:03:27]} {[%emt 00:01:12]} 63. Rg1
{[%clk 00:07:56]} {[%emt 00:02:30]} c2 {[%clk 00:03:23]} {[%emt 00:00:34]} 64.
Rg5+ {[%clk 00:08:07]} {[%emt 00:00:19]} Kf6 {[%clk 00:03:48]} {[%emt
00:00:04]} 65. Kd2 {[%clk 00:08:29]} {[%emt 00:00:09]} b3 {[%clk 00:04:14]}
{[%emt 00:00:05]} 66. Rb5 {[%clk 00:07:43]} {[%emt 00:01:15]} Rb1 {[%clk
00:04:33]} {[%emt 00:00:10]} 67. Rc5 {[%clk 00:08:08]} {[%emt 00:00:06]} Rd1+
{[%clk 00:04:52]} {[%emt 00:00:11]} 0-1

[Event "TIPC 2019 Groupe A"]
[Site ""]
[Date "2019.07.29"]
[Round "4.8"]
[White "Capone, Nicola"]
[Black "De Villers, Mourad"]
[Result "1/2-1/2"]
[WhiteTitle "IM"]
[WhiteElo "2297"]
[BlackElo "2140"]

1. e4 {[%clk 01:30:57]} {[%emt 00:00:02]} c5 {[%clk 01:30:49]} {[%emt
00:00:11]} 2. Nc3 {[%clk 01:31:23]} {[%emt 00:00:04]} Nc6 {[%clk 01:31:01]}
{[%emt 00:00:17]} 3. Nf3 {[%clk 01:31:50]} {[%emt 00:00:03]} g6 {[%clk
01:31:08]} {[%emt 00:00:23]} 4. d4 {[%clk 01:32:18]} {[%emt 00:00:04]} cxd4
{[%clk 01:31:15]} {[%emt 00:00:27]} 5. Nxd4 {[%clk 01:32:45]} Bg7 {[%emt
00:01:49]} 6. Be3 {[%clk 01:32:42]} Nf6 {[%clk 01:29:20]} {[%emt 00:01:07]} 7.
Bc4 {[%clk 01:33:38]} {[%emt 00:00:05]} O-O {[%clk 01:28:50]} {[%emt 00:00:59]}
8. Bb3 {[%clk 01:33:32]} {[%emt 00:00:37]} d6 {[%clk 01:26:21]} {[%emt
00:02:59]} 9. h3 {[%clk 01:33:44]} {[%emt 00:00:18]} Na5 {[%clk 01:25:50]}
{[%emt 00:01:01]} 10. O-O {[%clk 01:34:03]} {[%emt 00:00:11]} Bd7 {[%clk
01:25:00]} {[%emt 00:11:03]} 11. Re1 {[%clk 01:34:27]} a6 {[%clk 01:16:30]}
{[%emt 00:00:05]} 12. Bg5 {[%clk 01:31:10]} {[%emt 00:03:04]} Bc6 {[%clk
01:02:28]} {[%emt 00:14:32]} 13. Qd3 {[%clk 01:20:54]} {[%emt 00:10:46]} Re8
{[%clk 00:56:57]} {[%emt 00:06:01]} 14. Rad1 {[%clk 01:11:20]} {[%emt
00:10:05]} Nxb3 {[%clk 00:55:35]} {[%emt 00:01:51]} 15. axb3 {[%clk 01:11:37]}
{[%emt 00:00:14]} Qa5 {[%clk 00:55:33]} {[%emt 00:00:33]} 16. Bxf6 {[%clk
01:09:08]} {[%emt 00:02:58]} Bxf6 {[%clk 00:55:41]} {[%emt 00:00:21]} 17. Nxc6
{[%clk 01:09:35]} {[%emt 00:00:04]} bxc6 {[%clk 00:55:44]} {[%emt 00:00:27]} 18.
Ra1 {[%clk 01:10:01]} {[%emt 00:00:04]} Qb6 {[%clk 00:54:31]} {[%emt 00:01:42]}
19. Ra4 {[%clk 01:10:16]} {[%emt 00:00:16]} Ra7 {[%clk 00:53:22]} {[%emt
00:01:39]} 20. Rea1 {[%clk 01:09:33]} {[%emt 00:01:13]} Rea8 {[%clk 00:53:34]}
{[%emt 00:00:18]} 21. Ra5 {[%clk 01:05:45]} {[%emt 00:04:18]} Bd4 {[%clk
00:52:06]} {[%emt 00:01:57]} 22. Nd1 {[%clk 01:05:44]} {[%emt 00:00:32]} e6
{[%clk 00:51:41]} {[%emt 00:00:54]} 23. R5a4 {[%clk 00:47:15]} {[%emt
00:19:00]} Be5 {[%clk 00:50:56]} {[%emt 00:01:14]} 24. Qe2 {[%clk 00:46:54]}
{[%emt 00:00:52]} Bg7 {[%clk 00:49:50]} {[%emt 00:01:36]} 25. R1a2 {[%clk
00:41:00]} {[%emt 00:06:24]} h5 {[%clk 00:43:04]} {[%emt 00:07:15]} 26. Qe3
{[%clk 00:40:05]} {[%emt 00:01:27]} Qc7 {[%clk 00:35:13]} {[%emt 00:08:19]} 27.
Qf4 {[%clk 00:39:07]} {[%emt 00:01:28]} Be5 {[%clk 00:34:40]} {[%emt 00:01:04]}
28. Qd2 {[%clk 00:38:36]} {[%emt 00:01:01]} d5 {[%clk 00:34:27]} {[%emt
00:00:42]} 29. Nc3 {[%clk 00:33:39]} {[%emt 00:05:28]} Qe7 {[%clk 00:26:29]}
{[%emt 00:08:26]} 30. exd5 {[%clk 00:24:14]} {[%emt 00:09:57]} exd5 {[%clk
00:22:57]} {[%emt 00:04:01]} 31. Ra1 {[%clk 00:24:38]} {[%emt 00:00:07]} Qf6
{[%clk 00:22:21]} {[%emt 00:01:05]} 32. Qd3 {[%clk 00:21:31]} {[%emt 00:03:37]}
Kg7 {[%clk 00:19:02]} {[%emt 00:03:49]} 33. g3 {[%clk 00:19:52]} {[%emt
00:02:10]} a5 {[%clk 00:17:56]} {[%emt 00:01:35]} 34. Kg2 {[%clk 00:19:31]}
{[%emt 00:00:52]} Re7 {[%clk 00:07:44]} {[%emt 00:10:42]} 35. Rxa5 {[%clk
00:15:33]} {[%emt 00:04:27]} Rae8 {[%clk 00:07:00]} {[%emt 00:01:13]} 36. Ra8
{[%clk 00:12:38]} {[%emt 00:03:26]} Rxa8 {[%clk 00:04:51]} {[%emt 00:02:40]} 37.
Rxa8 {[%clk 00:13:02]} {[%emt 00:00:06]} h4 {[%clk 00:05:03]} {[%emt 00:00:16]}
38. Qf3 {[%clk 00:12:04]} {[%emt 00:01:29]} hxg3 {[%clk 00:04:52]} {[%emt
00:00:41]} 39. fxg3 {[%clk 00:12:12]} {[%emt 00:00:22]} Qxf3+ {[%clk 00:00:32]}
{[%emt 00:04:51]} 40. Kxf3 {[%clk 00:12:18]} {[%emt 00:00:23]} Bd4 {[%clk
00:00:52]} {[%emt 00:00:10]} 41. Nd1 {[%clk 00:29:48]} {[%emt 00:13:00]} Re1
{[%emt 00:00:29]} 42. Ke4 {[%emt 00:00:19]} 1/2-1/2

[Event "TIPC 2019 Groupe A"]
[Site ""]
[Date "2019.07.30"]
[Round "5.18"]
[White "Lacroix, Bruno"]
[Black "De Weird, Matthias"]
[Result "1-0"]
[WhiteElo "2152"]
[BlackElo "2009"]

1. c4 {[%clk 01:30:57]} {[%emt 00:00:01]} g6 {[%clk 01:30:54]} {[%emt
00:00:05]} 2. d4 {[%clk 01:31:20]} {[%emt 00:00:08]} Bg7 {[%clk 01:31:19]}
{[%emt 00:00:06]} 3. Nf3 {[%clk 01:31:39]} {[%emt 00:00:10]} d6 {[%clk
01:31:37]} {[%emt 00:00:12]} 4. Nc3 {[%clk 01:32:03]} {[%emt 00:00:06]} Nf6
{[%clk 01:31:57]} {[%emt 00:00:10]} 5. e3 {[%clk 01:32:26]} {[%emt 00:00:07]}
O-O {[%clk 01:32:23]} {[%emt 00:00:05]} 6. Be2 {[%clk 01:32:54]} {[%emt
00:00:02]} c5 {[%clk 01:32:34]} {[%emt 00:00:18]} 7. O-O {[%clk 01:33:08]}
{[%emt 00:00:16]} Nbd7 {[%clk 01:32:19]} {[%emt 00:00:45]} 8. d5 {[%clk
01:32:54]} {[%emt 00:00:45]} a6 {[%clk 01:32:43]} {[%emt 00:00:06]} 9. h3
{[%clk 01:32:49]} {[%emt 00:00:35]} Ne8 {[%clk 01:32:54]} {[%emt 00:00:19]} 10.
e4 {[%clk 01:29:56]} {[%emt 00:03:22]} e5 {[%clk 01:32:55]} {[%emt 00:00:30]}
11. dxe6 {[%clk 01:27:42]} {[%emt 00:02:45]} fxe6 {[%clk 01:33:16]} {[%emt
00:00:09]} 12. Bg5 {[%clk 01:27:27]} {[%emt 00:00:43]} Ndf6 {[%clk 01:32:36]}
{[%emt 00:01:10]} 13. e5 {[%clk 01:27:10]} {[%emt 00:00:48]} Bd7 {[%clk
01:31:58]} {[%emt 00:01:07]} 14. exf6 {[%clk 01:27:14]} {[%emt 00:00:25]} Bxf6
{[%clk 01:32:22]} {[%emt 00:00:07]} 15. Bh6 {[%clk 01:26:23]} {[%emt 00:01:21]}
Rf7 {[%clk 01:32:30]} {[%emt 00:00:22]} 16. Qd2 {[%clk 01:26:23]} {[%emt
00:00:30]} Bc6 {[%clk 01:31:53]} {[%emt 00:01:07]} 17. Ng5 {[%clk 01:23:40]}
{[%emt 00:03:13]} Re7 {[%clk 01:31:15]} {[%emt 00:01:08]} 18. Nge4 {[%clk
01:23:42]} {[%emt 00:00:28]} Rf7 {[%clk 01:29:45]} {[%emt 00:02:00]} 19. Nxf6+
{[%clk 01:22:25]} {[%emt 00:01:48]} Qxf6 {[%clk 01:30:05]} {[%emt 00:00:09]} 20.
Bg5 {[%clk 01:20:53]} {[%emt 00:02:00]} Qe5 {[%clk 01:29:55]} {[%emt 00:00:41]}
21. Qe3 {[%clk 01:20:53]} {[%emt 00:00:30]} Rf5 {[%clk 01:29:36]} {[%emt
00:00:49]} 22. Qxe5 {[%clk 01:20:26]} {[%emt 00:00:58]} Rxe5 {[%clk 01:29:58]}
{[%emt 00:00:08]} 23. Be3 {[%clk 01:19:58]} {[%emt 00:00:56]} Rd8 {[%clk
01:29:40]} {[%emt 00:00:48]} 24. Rad1 {[%clk 01:19:12]} {[%emt 00:01:17]} b6
{[%clk 01:29:43]} {[%emt 00:00:28]} 25. g4 {[%clk 01:18:11]} {[%emt 00:01:29]}
g5 {[%clk 01:29:38]} {[%emt 00:00:36]} 26. Rd3 {[%clk 01:16:25]} {[%emt
00:02:16]} d5 {[%clk 01:29:06]} {[%emt 00:01:02]} 27. f4 {[%clk 01:15:22]}
{[%emt 00:01:33]} Rxe3 {[%clk 01:28:43]} {[%emt 00:00:53]} 28. Rxe3 {[%clk
01:15:48]} {[%emt 00:00:04]} d4 {[%clk 01:29:10]} {[%emt 00:00:03]} 29. Rd3
{[%clk 01:15:57]} {[%emt 00:00:20]} gxf4 {[%clk 01:29:36]} {[%emt 00:00:04]} 30.
Bf3 {[%clk 01:15:12]} {[%emt 00:01:16]} Bxf3 {[%clk 01:30:01]} {[%emt
00:00:05]} 31. Rfxf3 {[%clk 01:15:33]} {[%emt 00:00:09]} e5 {[%clk 01:30:25]}
{[%emt 00:00:05]} 32. Ne4 {[%clk 01:15:35]} {[%emt 00:00:29]} Nd6 {[%clk
01:30:50]} {[%emt 00:00:05]} 33. Nxd6 {[%clk 01:09:18]} {[%emt 00:06:47]} Rxd6
{[%clk 01:31:15]} {[%emt 00:00:06]} 34. Rd1 {[%clk 01:09:46]} {[%emt 00:00:02]}
Kg7 {[%clk 01:25:14]} {[%emt 00:06:31]} 35. Rf2 {[%clk 01:08:57]} {[%emt
00:01:19]} Kf6 {[%clk 01:24:55]} {[%emt 00:00:49]} 36. Re2 {[%clk 01:09:00]}
{[%emt 00:00:26]} b5 {[%clk 01:23:51]} {[%emt 00:01:34]} 37. b3 {[%clk
01:02:09]} {[%emt 00:10:24]} bxc4 38. bxc4 {[%clk 01:02:35]} h5 {[%clk
01:20:57]} {[%emt 00:00:56]} 39. Kf2 {[%clk 01:01:46]} {[%emt 00:01:19]} hxg4
{[%clk 01:21:10]} {[%emt 00:00:17]} 40. hxg4 {[%clk 01:02:12]} {[%emt
00:00:04]} Rb6 {[%clk 01:20:14]} {[%emt 00:01:25]} 41. Kf3 {[%clk 01:01:13]}
{[%emt 00:01:29]} Rb4 {[%clk 01:20:37]} {[%emt 00:00:08]} 42. Rc2 {[%clk
01:00:18]} {[%emt 00:01:25]} Ra4 {[%clk 01:20:12]} {[%emt 00:00:55]} 43. Rd3
{[%clk 00:59:00]} {[%emt 00:01:48]} Kg5 {[%clk 01:16:24]} {[%emt 00:04:17]} 44.
Ke4 {[%clk 00:58:39]} {[%emt 00:00:51]} Rb4 {[%clk 01:16:48]} {[%emt 00:00:07]}
45. Kxe5 {[%clk 00:57:03]} {[%emt 00:02:06]} Rb8 {[%clk 01:17:08]} {[%emt
00:00:10]} 46. Kd5 {[%clk 00:56:45]} {[%emt 00:00:48]} Kxg4 {[%clk 01:17:05]}
{[%emt 00:00:34]} 47. Rg2+ {[%clk 00:56:35]} {[%emt 00:00:39]} Kf5 {[%clk
01:17:26]} {[%emt 00:00:08]} 48. Kxc5 {[%clk 00:56:32]} {[%emt 00:00:33]} Ke4
{[%clk 01:17:51]} {[%emt 00:00:06]} 49. Rxd4+ {[%clk 00:56:52]} {[%emt
00:00:09]} Ke3 {[%clk 01:18:16]} {[%emt 00:00:05]} 50. Rdd2 {[%clk 00:55:03]}
{[%emt 00:02:19]} f3 {[%clk 01:18:28]} {[%emt 00:00:18]} 51. Rgf2 {[%clk
00:55:24]} {[%emt 00:00:09]} Rc8+ {[%clk 01:18:44]} {[%emt 00:00:14]} 52. Kb4
{[%clk 00:55:48]} {[%emt 00:00:06]} a5+ {[%clk 01:17:20]} {[%emt 00:01:54]} 53.
Kc3 {[%clk 00:55:56]} {[%emt 00:00:22]} Rh8 {[%clk 01:17:26]} {[%emt 00:00:25]}
54. Rh2 {[%clk 00:55:32]} {[%emt 00:00:54]} Rf8 {[%clk 01:16:29]} {[%emt
00:01:26]} 55. Rd3 {[%clk 00:55:47]} {[%emt 00:00:16]} Ke4 {[%clk 01:16:53]}
{[%emt 00:00:06]} 56. Rf2 {[%clk 00:56:08]} {[%emt 00:00:08]} Kd5 {[%emt
00:01:01]} 1-0

[Event "TIPC 2019 Groupe A"]
[Site ""]
[Date "2019.07.30"]
[Round "5.21"]
[White "Verbist, Julien"]
[Black "Van Droogenbroeck, Marc"]
[Result "1/2-1/2"]
[WhiteElo "1974"]
[BlackElo "2114"]

1. e4 {[%clk 01:30:57]} {[%emt 00:00:02]} c5 {[%clk 01:30:48]} {[%emt
00:00:12]} 2. Bc4 {[%emt 00:00:52]} e6 {[%clk 01:29:55]} {[%emt 00:00:35]} 3.
Qe2 {[%emt 00:00:15]} Nc6 {[%clk 01:29:56]} {[%emt 00:00:19]} 4. c3 {[%emt
00:12:30]} Nf6 {[%clk 01:17:38]} {[%emt 00:00:23]} 5. d3 {[%emt 00:00:39]} d5
{[%clk 01:16:55]} {[%emt 00:00:38]} 6. Bb3 {[%emt 00:05:33]} Be7 {[%clk
01:11:26]} {[%emt 00:00:32]} 7. Nd2 {[%emt 00:01:14]} b5 {[%emt 00:01:28]} 8.
Ngf3 {[%emt 00:02:11]} a5 {[%emt 00:02:34]} 9. Bc2 {[%emt 00:04:27]} O-O {[%emt
00:03:32]} 10. e5 {[%emt 00:00:51]} Nd7 {[%clk 01:02:51]} {[%emt 00:00:07]} 11.
d4 {[%emt 00:16:28]} c4 {[%emt 00:03:07]} 12. Nf1 {[%emt 00:02:06]} f6 {[%emt
00:19:32]} 13. exf6 {[%emt 00:02:05]} Nxf6 {[%clk 00:43:37]} {[%emt 00:00:31]}
14. Ng3 {[%emt 00:05:55]} Bd6 {[%emt 00:02:54]} 15. O-O {[%clk 01:07:35]}
{[%emt 00:00:08]} Qe8 {[%emt 00:02:46]} 16. Re1 {[%emt 00:01:18]} Ra7 {[%emt
00:09:17]} 17. Bg5 {[%emt 00:01:59]} Nh5 {[%emt 00:04:35]} 18. Be3 {[%emt
00:08:45]} Nf4 {[%emt 00:08:21]} 19. Qd1 {[%emt 00:01:54]} g6 {[%emt 00:03:54]}
20. Ne5 {[%clk 00:41:21]} {[%emt 00:00:34]} Rg7 {[%emt 00:03:24]} 21. Nxc6
{[%clk 00:39:36]} {[%emt 00:00:31]} Qxc6 {[%clk 00:23:23]} {[%emt 00:00:02]} 22.
Ne2 {[%clk 00:39:41]} {[%emt 00:00:24]} Qc7 {[%clk 00:22:06]} {[%emt 00:01:47]}
23. Nxf4 {[%clk 00:39:45]} {[%emt 00:00:26]} Bxf4 {[%clk 00:22:30]} {[%emt
00:00:05]} 24. Bxf4 {[%clk 00:40:06]} {[%emt 00:00:09]} 1/2-1/2

[Event "TIPC 2019 Groupe A"]
[Site ""]
[Date "2019.07.30"]
[Round "5.26"]
[White "Barbier, Wim"]
[Black "Philippe, Denis-Emmanuel"]
[Result "1/2-1/2"]
[WhiteElo "2068"]
[BlackElo "2015"]

1. Nf3 {[%clk 01:30:57]} {[%emt 00:00:03]} d5 {[%clk 01:30:57]} {[%emt
00:00:04]} 2. c4 {[%clk 01:31:19]} {[%emt 00:00:08]} c6 {[%clk 01:31:20]}
{[%emt 00:00:06]} 3. g3 {[%clk 01:31:40]} {[%emt 00:00:09]} Nf6 {[%clk
01:31:46]} {[%emt 00:00:04]} 4. Bg2 {[%clk 01:32:04]} {[%emt 00:00:06]} Bg4
{[%clk 01:32:13]} {[%emt 00:00:04]} 5. Ne5 {[%clk 01:32:03]} {[%emt 00:00:31]}
Be6 {[%clk 01:32:24]} {[%emt 00:00:19]} 6. cxd5 {[%clk 01:32:22]} {[%emt
00:00:11]} Bxd5 {[%clk 01:32:47]} {[%emt 00:00:07]} 7. Nf3 {[%clk 01:32:44]}
{[%emt 00:00:08]} c5 {[%clk 01:33:06]} {[%emt 00:00:12]} 8. Nc3 {[%clk
01:32:52]} {[%emt 00:00:22]} Bc6 {[%clk 01:33:30]} {[%emt 00:00:06]} 9. O-O
{[%clk 01:33:08]} {[%emt 00:00:13]} e6 {[%clk 01:33:21]} {[%emt 00:00:40]} 10.
d3 {[%clk 01:32:52]} {[%emt 00:00:45]} Be7 {[%clk 01:31:27]} {[%emt 00:02:24]}
11. e4 {[%clk 01:32:47]} {[%emt 00:00:34]} O-O {[%clk 01:30:26]} {[%emt
00:01:32]} 12. h3 {[%clk 01:29:14]} {[%emt 00:04:03]} Nbd7 {[%clk 01:23:12]}
{[%emt 00:07:45]} 13. Qe2 {[%clk 01:23:10]} {[%emt 00:06:33]} b5 {[%clk
01:20:01]} {[%emt 00:03:41]} 14. e5 {[%clk 01:19:26]} {[%emt 00:04:13]} Nd5
{[%clk 01:19:11]} {[%emt 00:01:21]} 15. Ne4 {[%clk 01:13:14]} {[%emt 00:06:42]}
Qc7 {[%clk 01:00:53]} {[%emt 00:18:48]} 16. d4 {[%clk 01:02:07]} {[%emt
00:12:38]} a6 {[%clk 00:51:51]} {[%emt 00:08:31]} 17. Nxc5 {[%clk 00:55:49]}
{[%emt 00:06:48]} Nxc5 {[%clk 00:51:07]} {[%emt 00:01:14]} 18. dxc5 {[%clk
00:55:56]} {[%emt 00:00:22]} Bxc5 {[%clk 00:50:39]} {[%emt 00:00:58]} 19. Qc2
{[%clk 00:53:08]} {[%emt 00:03:19]} Be7 {[%clk 00:39:21]} {[%emt 00:11:48]} 20.
Bg5 {[%clk 00:43:05]} {[%emt 00:10:33]} Rac8 {[%clk 00:33:06]} {[%emt
00:06:45]} 21. Bxe7 {[%clk 00:40:14]} {[%emt 00:03:21]} Qxe7 {[%clk 00:31:49]}
{[%emt 00:01:47]} 22. Nd4 {[%clk 00:34:43]} {[%emt 00:06:01]} Bb7 {[%clk
00:31:40]} {[%emt 00:00:39]} 23. Qd2 {[%clk 00:28:40]} {[%emt 00:06:33]} Rfd8
{[%clk 00:29:56]} {[%emt 00:02:14]} 24. Rac1 {[%clk 00:27:00]} {[%emt
00:02:10]} h6 {[%clk 00:24:04]} {[%emt 00:06:23]} 25. Rxc8 {[%clk 00:26:01]}
{[%emt 00:01:29]} 1/2-1/2